ARRUPE JESUIT UNIVERSITY

CORONAVIRUS -STOP THE SPREAD - CLEAN,DISINFECT,COVER

Human rights monitoring and enforcement mechanisms : (Record no. 124418)

MARC details
000 -LEADER
fixed length control field 01092cam a2200337 a 4500
001 - CONTROL NUMBER
control field 6331029
003 - CONTROL NUMBER IDENTIFIER
control field ARRUPE
005 - DATE AND TIME OF LATEST TRANSACTION
control field 20160323113559.0
008 - FIXED-LENGTH DATA ELEMENTS--GENERAL INFORMATION
fixed length control field 060906s2006 rh a 000 0 eng
010 ## - LIBRARY OF CONGRESS CONTROL NUMBER
LC control number 2006318530
020 ## - INTERNATIONAL STANDARD BOOK NUMBER
International Standard Book Number 0797421955
020 ## - INTERNATIONAL STANDARD BOOK NUMBER
International Standard Book Number 9780797421950
035 ## - SYSTEM CONTROL NUMBER
System control number (OCoLC)ocm74354667
035 ## - SYSTEM CONTROL NUMBER
System control number (NNC)6331029
040 ## - CATALOGING SOURCE
Original cataloging agency DLC
Transcribing agency DLC
Modifying agency BTCTA
042 ## - AUTHENTICATION CODE
Authentication code lcode
043 ## - GEOGRAPHIC AREA CODE
Geographic area code f------
050 00 - LIBRARY OF CONGRESS CALL NUMBER
Classification number K3240.H8567 1998
082 00 - DEWEY DECIMAL CLASSIFICATION NUMBER
Classification number 341.4/8
Edition number 22
300 ## - PHYSICAL DESCRIPTION
Other physical details ill. ;
Dimensions 25 cm.
100 1# - MAIN ENTRY--PERSONAL NAME
Personal name Matsheza, Philliat.
9 (RLIN) 23105
245 10 - TITLE STATEMENT
Title Human rights monitoring and enforcement mechanisms :
Remainder of title a practical guide to the United Nations and the African Union human rights protection mechanisms /
Statement of responsibility, etc by Philliat Matseza and Leonard Zulu.
246 14 - VARYING FORM OF TITLE
Title proper/short title Monitoring and enforcement mechanisms
260 ## - PUBLICATION, DISTRIBUTION, ETC. (IMPRINT)
Place of publication, distribution, etc Harare :
Name of publisher, distributor, etc Human Rights Trust of Southern Africa,
Date of publication, distribution, etc 1998
300 ## - PHYSICAL DESCRIPTION
Extent 118 p. :
650 #0 - SUBJECT ADDED ENTRY--TOPICAL TERM
Topical term or geographic name as entry element Human rights
9 (RLIN) 23106
650 #0 - SUBJECT ADDED ENTRY--TOPICAL TERM
Topical term or geographic name as entry element Human rights
Geographic subdivision Africa
9 (RLIN) 19054
700 1# - ADDED ENTRY--PERSONAL NAME
Personal name Zulu, Leonard
9 (RLIN) 23107
942 ## - ADDED ENTRY ELEMENTS (KOHA)
Source of classification or shelving scheme Library of Congress Classification
Koha item type Monograph ( Printed materials)
948 1# - LOCAL PROCESSING INFORMATION (OCLC); SERIES PART DESIGNATOR (RLIN)
Series part designator, SPT (RLIN) 20071113
b (OCLC) c
c (OCLC) rad1
d (OCLC) MPS
Holdings
Withdrawn status Lost status Source of classification or shelving scheme Damaged status Not for loan Collection code Home library Current library Shelving location Date acquired Total Checkouts Full call number Barcode Date last seen Price effective from Koha item type
    Library of Congress Classification     Main Collection ARRUPE LIBRARY ARRUPE LIBRARY Main Collection 22/03/2016   K3240.H8567 1998 46500007150 28/06/2018 22/03/2016 Monograph ( Printed materials)

 

Arrupe Library. PO Box MP320 Mt Pleasant, Harare, Zimbabwe
263 242 745411|librarian@aju.ac.zw